El dinero en los Estados Unidos Mexicanos

Detalles Bibliográficos
Autor principal: Turrent Da̕z, Eduardo
Formato: Libro
Lenguaje:español
Publicado: Mx̌ico Nostra Ediciones 2007
Materias:
Acceso en línea:Acceso restringido

MARC

LEADER 00000nam a22000007a 4500
005 2015110408198.0
007 cr|||| ||u|
008 151104s2007 mx ||||| |||| 00||0 spa d
020 |a 978-968-5447-55-3 
035 |a 12846 
040 |a vLex 
090 |c 5648  |d 5648 
100 1 |a Turrent Da̕z, Eduardo 
245 1 3 |a El dinero en los Estados Unidos Mexicanos  |h [Recurso electrn̤ico] /   |c Eduardo Turrent Da̕z  
256 |a Servicio en ln̕ea 
260 |a Mx̌ico  |b Nostra Ediciones  |c 2007 
300 |a 1 recurso electrn̤ico 
506 1 |a Contenido solo disponible en los productos indicados  |d vLex Global  |d vLex Global (Academic Edition, excluding Law Schools)  |d vLex Global (U.S. Academic Edition, Law Schools)  |d vLex Global (U.S. Academic Edition, excluding Law Schools)  |d vLex Global (Academic Edition, Law Schools) 
650 0 4 |a Dinero  |z Mx̌ico 
740 0 |a vLex libros (servicio en ln̕ea) 
856 4 0 |u http://vlex.com/source/dinero-estados-unidos-mexicanos-12846  |z Acceso restringido 
942 |c BOOK 
999 0 |a Money